[Event "Hoogeveen Unive op 19th"]
[Site "Hoogeveen"]
[Date "2015.10.19"]
[Round "4"]
[White "Sadallah, Osama"]
[Black "Den Hartog, Marijn"]
[Result "0-1"]
[WhiteElo "2067"]
[BlackElo "2158"]
[PlyCount "122"]
[EventDate "2015.10.17"]
[EventType "swiss"]
[EventRounds "9"]
[EventCountry "NED"]
[SourceTitle "EXT 2017"]
[Source "ChessBase"]
[SourceDate "2016.10.25"]
[SourceVersion "1"]
[SourceVersionDate "2016.10.25"]
[SourceQuality "1"]

1. d4 Nf6 2. c4 g6 3. Nc3 Bg7 4. Nf3 0-0 5. Bf4 d6 6. e3 c6 7. h3 a6 8. Bd3 b5 9. 0-0 Nbd7 10. b3 Re8 11. Be2 b4 12. Na4 Nb6 13. Nb2 Ne4 14. Qc2 Nc3 15. Bg5 c5 16. Bd3 Bb7 17. d5 Qc7 18. a4 e5 19. e4 f5 20. Nd2 f4 21. f3 h6 22. Bh4 g5 23. Be1 h5 24. Nd1 Nxd1 25. Qxd1 Bc8 26. Be2 Qf7 27. Kf2 Qg6 28. Rg1 Ra7 29. Nf1 Rf7 30. Nh2 g4 31. hxg4 hxg4 32. Kf1 g3 33. Ng4 Bxg4 34. fxg4 Qxe4 35. Bd3 Qe3 36. Bf5 e4 37. Ra2 Rfe7 38. Rh1 Nd7 39. Be6+ Rxe6 40. dxe6 Rxe6 41. Re2 Qd4 42. Rd2 Qf6 43. Rh5 Ne5 44. Rd5 Qg6 45. Rdxe5 Rxe5 46. Rf5 Qh6 47. Rh5 Rxh5 48. gxh5 Qe6 49. Qe2 Qf5 50. Qd1 Qe6 51. Qe2 Bd4 52. h6 Qf5 53. Qc2 Kh7 54. Qd1 Kxh6 55. Bxb4 Qh5 56. Qxh5+ Kxh5 57. Bd2 Kg4 58. b4 cxb4 59. Bxb4 Bc5 60. Be1 f3 61. a5 e3 0-1

[Event "Hoogeveen Unive op 19th"]
[Site "Hoogeveen"]
[Date "2015.10.19"]
[Round "3"]
[White "Vogel, Jaap"]
[Black "Sadallah, Osama"]
[Result "1/2-1/2"]
[WhiteElo "2175"]
[BlackElo "2067"]
[PlyCount "61"]
[EventDate "2015.10.17"]
[EventType "swiss"]
[EventRounds "9"]
[EventCountry "NED"]
[SourceTitle "EXT 2017"]
[Source "ChessBase"]
[SourceDate "2016.10.25"]
[SourceVersion "1"]
[SourceVersionDate "2016.10.25"]
[SourceQuality "1"]

1. d4 Nf6 2. Nf3 g6 3. g3 Bg7 4. Bg2 d6 5. 0-0 0-0 6. c4 c6 7. Nc3 Qa5 8. e4 Bg4 9. h3 Bxf3 10. Qxf3 Nbd7 11. Qe2 c5 12. d5 Rab8 13. Bd2 Qd8 14. Kh2 Ne8 15. f4 Nc7 16. a4 Na6 17. Nb5 Bxb2 18. Rab1 Bg7 19. Nxa7 Nb4 20. Nb5 Qa5 21. Bc3 Qxa4 22. Bxg7 Kxg7 23. e5 dxe5 24. fxe5 Qc2 25. Rfe1 Qxe2 26. Rxe2 Nb6 27. Rc1 Rfe8 28. Rc3 Red8 29. h4 h6 30. h5 g5 31. Bh3 1/2-1/2

[Event "Hoogeveen Unive op 18th"]
[Site "Hoogeveen"]
[Date "2014.10.13"]
[Round "3"]
[White "De Boer, Eelke"]
[Black "Sadallah, Osama"]
[Result "1/2-1/2"]
[WhiteElo "1795"]
[BlackElo "2108"]
[PlyCount "172"]
[EventDate "2014.10.11"]
[EventType "swiss"]
[EventRounds "9"]
[EventCountry "NED"]
[SourceTitle "EXT 2015"]
[Source "ChessBase"]
[SourceDate "2014.11.20"]
[SourceVersion "1"]
[SourceVersionDate "2014.11.20"]
[SourceQuality "1"]

1. e4 c5 2. Nf3 g6 3. d4 cxd4 4. Nxd4 Nc6 5. c4 Nf6 6. Nc3 Nxd4 7. Qxd4 d6 8. Be3 Bg7 9. Be2 0-0 10. Qd2 Be6 11. 0-0 a5 12. f3 a4 13. Rac1 Qa5 14. Nd5 Bxd5 15. Qxa5 Rxa5 16. cxd5 Nd7 17. Rc7 Nc5 18. Bxc5 Rxc5 19. Rxb7 Rc2 20. Bd1 Bd4+ 21. Kh1 Rc1 22. g3 Ra8 23. Rb4 Bc5 24. Rb7 Ra1 25. Be2 Rxf1+ 26. Bxf1 Kg7 27. Bb5 Kf6 28. Bc6 Ra6 29. Kg2 g5 30. Kf1 h5 31. f4 g4 32. Rb5 Ra7 33. Be8 e6 34. e5+ Ke7 35. Bc6 exd5 36. Bxd5 Bd4 37. exd6+ Kxd6 38. Be4 Bc5 39. Ke2 Re7 40. Kd3 Re8 41. b4 axb3 42. axb3 Rh8 43. Ra5 Bg1 44. Ra2 h4 45. Rg2 Bb6 46. gxh4 Rxh4 47. Bf5 Kc5 48. Bxg4 Kb4 49. Ke4 Kxb3 50. Kf5 Bc7 51. Rd2 Kc3 52. Rd7 Bxf4 53. Kxf4 Rxh2 54. Rxf7 Kd4 55. Rd7+ Kc5 56. Ke5 Rg2 57. Bf5 Re2+ 58. Be4 Re1 59. Rc7+ Kb4 60. Kd4 Kb5 61. Rb7+ Ka6 62. Rb2 Rc1 63. Bd3+ Ka5 64. Bc4 Rh1 65. Kc5 Rh5+ 66. Bd5 Rh4 67. Ra2+ Ra4 68. Rh2 Rg4 69. Rh8 Rg6 70. Ra8+ Ra6 71. Rb8 Rh6 72. Bf3 Rg6 73. Ra8+ Ra6 74. Rg8 Rf6 75. Bg4 Ka4 76. Rb8 Rg6 77. Bf3 Rg5+ 78. Kc4 Ka5 79. Rb3 Rf5 80. Bd5 Rh5 81. Kc5 Rh4 82. Bf3 Rf4 83. Re3 Rf5+ 84. Bd5 Rf4 85. Re6 Rg4 86. Re7 Rg6 1/2-1/2

[Event "Hoogeveen Unive op 18th"]
[Site "Hoogeveen"]
[Date "2014.10.12"]
[Round "2"]
[White "Sadallah, Osama"]
[Black "Franco Alonso, Alejandro"]
[Result "0-1"]
[WhiteElo "2108"]
[BlackElo "2454"]
[PlyCount "90"]
[EventDate "2014.10.11"]
[EventType "swiss"]
[EventRounds "9"]
[EventCountry "NED"]
[SourceTitle "EXT 2015"]
[Source "ChessBase"]
[SourceDate "2014.11.20"]
[SourceVersion "1"]
[SourceVersionDate "2014.11.20"]
[SourceQuality "1"]

1. d4 Nf6 2. Bg5 Ne4 3. Bf4 d5 4. e3 c5 5. Bd3 Nf6 6. dxc5 Nc6 7. Nf3 Bg4 8. Bb5 e6 9. b4 Nd7 10. Bxc6 bxc6 11. h3 Bxf3 12. Qxf3 a5 13. bxa5 Qxa5+ 14. c3 Nxc5 15. 0-0 Nb3 16. axb3 Qxa1 17. e4 Be7 18. exd5 cxd5 19. c4 dxc4 20. Qc6+ Kf8 21. bxc4 Qa6 22. Qf3 Rc8 23. Nd2 Qc6 24. Qg3 f6 25. Ra1 e5 26. Be3 Kf7 27. Ra7 Rc7 28. Rxc7 Qxc7 29. Qh4 h6 30. c5 Qc6 31. Qh5+ g6 32. Qh4 Qd5 33. Qb4 Rd8 34. Ne4 Kg7 35. Nc3 Qc6 36. Qh4 h5 37. Qc4 Rc8 38. Na4 Rc7 39. Kh1 Rc8 40. f4 Rd8 41. fxe5 fxe5 42. Nc3 Bf6 43. Kh2 e4 44. Bf4 g5 45. Be3 Rd3 0-1

[Event "Hoogeveen Unive op 17th"]
[Site "Hoogeveen"]
[Date "2013.10.26"]
[Round "9"]
[White "Sadallah, Osama"]
[Black "Hoffman, Ron"]
[Result "1-0"]
[WhiteElo "2114"]
[BlackElo "2055"]
[PlyCount "101"]
[EventDate "2013.10.18"]
[EventType "swiss"]
[EventRounds "9"]
[EventCountry "NED"]
[SourceTitle "EXT 2014"]
[Source "ChessBase"]
[SourceDate "2013.11.20"]
[SourceVersion "1"]
[SourceVersionDate "2013.11.20"]
[SourceQuality "1"]

1. d4 g6 2. c4 Nf6 3. Nc3 Bg7 4. Nf3 0-0 5. Bf4 d6 6. e3 b6 7. h3 Bb7 8. Be2 Nbd7 9. 0-0 Ne4 10. Nxe4 Bxe4 11. b4 a5 12. b5 h6 13. Bh2 e5 14. a4 Qe7 15. Nd2 Bb7 16. Nb3 Rfe8 17. Bf3 Bxf3 18. Qxf3 exd4 19. exd4 Qe4 20. Qd1 Qe2 21. Rc1 Qa2 22. Ra1 Qe2 23. Rc1 Qa2 24. Ra1 Qe2 25. Qc1 Re4 26. Re1 Qd3 27. Rxe4 Qxe4 28. Qd2 Re8 29. Rc1 Qe2 30. Bf4 Qxd2 31. Bxd2 Bf8 32. Be3 Re4 33. g3 h5 34. Kg2 f5 35. Nd2 Re8 36. Nb1 Be7 37. Nc3 Bd8 38. h4 Kf7 39. Kf3 Nf8 40. c5 dxc5 41. dxc5 Nd7 42. c6 Ne5+ 43. Kg2 Be7 44. Nd5 Bd6 45. Rd1 Nc4 46. Bg5 Re2 47. Ne3 Nd2 48. Nxf5 Ne4 49. Nxd6+ cxd6 50. Kf3 Nc3 51. Rc1 1-0

[Event "Hoogeveen Unive op 17th"]
[Site "Hoogeveen"]
[Date "2013.10.25"]
[Round "8"]
[White "Schoehuys, Erik"]
[Black "Sadallah, Osama"]
[Result "1-0"]
[WhiteElo "2184"]
[BlackElo "2114"]
[PlyCount "75"]
[EventDate "2013.10.18"]
[EventType "swiss"]
[EventRounds "9"]
[EventCountry "NED"]
[SourceTitle "EXT 2014"]
[Source "ChessBase"]
[SourceDate "2013.11.20"]
[SourceVersion "1"]
[SourceVersionDate "2013.11.20"]
[SourceQuality "1"]

1. d4 d5 2. c4 c6 3. Nf3 Nf6 4. g3 Bf5 5. Nc3 e6 6. Qb3 b6 7. Bg2 Nbd7 8. Bf4 Be7 9. 0-0 0-0 10. Nh4 Bg4 11. h3 Bh5 12. g4 Bg6 13. Nxg6 hxg6 14. e4 dxc4 15. Qxc4 Qc8 16. Be3 b5 17. Qb3 Nb6 18. a4 Nc4 19. axb5 Nxe3 20. fxe3 Qb8 21. Qa2 e5 22. bxc6 Qb6 23. Qc4 Qxb2 24. g5 Nh5 25. Ra2 Qb8 26. Raf2 Qb4 27. Qxb4 Bxb4 28. Nd5 Bd6 29. Rc2 Rfc8 30. h4 Kf8 31. Bh3 Ng3 32. Bxc8 Rxc8 33. Ra1 Nxe4 34. Rxa7 exd4 35. exd4 Bg3 36. Nb6 Rd8 37. c7 Bxc7 38. Rcxc7 1-0

[Event "Hoogeveen Unive op 15th"]
[Site "Hoogeveen"]
[Date "2011.10.15"]
[Round "2"]
[White "Bezemer, Arno J"]
[Black "Sadallah, Osama"]
[Result "1-0"]
[WhiteElo "2351"]
[BlackElo "2145"]
[PlyCount "69"]
[EventDate "2011.10.14"]
[EventType "swiss"]
[EventRounds "9"]
[EventCountry "NED"]
[SourceTitle "CBM 144 Extra"]
[Source "ChessBase"]
[SourceDate "2011.10.28"]
[SourceVersion "1"]
[SourceVersionDate "2011.10.28"]
[SourceQuality "1"]

1. e4 c5 2. Nf3 g6 3. d4 cxd4 4. Nxd4 Nc6 5. c4 Nf6 6. Nc3 d6 7. Nc2 Bg7 8. Be2 0-0 9. 0-0 a6 10. Be3 Rb8 11. f3 Qa5 12. Rb1 Nh5 13. f4 Bxc3 14. bxc3 Nf6 15. Bb6 Qxa2 16. Bd3 Qa4 17. Qd2 Nd8 18. f5 Qd7 19. Ba7 Ra8 20. Bd4 Nc6 21. Bxf6 exf6 22. Qh6 Ne5 23. Ne3 b5 24. Nd5 Qd8 25. Rf4 g5 26. Nxf6+ Qxf6 27. Qxf6 gxf4 28. Qxd6 Re8 29. cxb5 a5 30. b6 Bb7 31. Bb5 Rad8 32. Qh6 Rd2 33. f6 Rxg2+ 34. Kxg2 Bxe4+ 35. Kg1 1-0

[Event "Hoogeveen Unive op"]
[Site "Hoogeveen"]
[Date "2009.10.17"]
[Round "2"]
[White "Van Delft, Merijn"]
[Black "Sadallah, Osama"]
[Result "1-0"]
[WhiteElo "2374"]
[BlackElo "2156"]
[PlyCount "81"]
[EventDate "2009.10.16"]
[EventType "swiss"]
[EventRounds "9"]
[EventCountry "NED"]
[SourceTitle "CBM 132 Extra"]
[Source "ChessBase"]
[SourceDate "2009.11.03"]
[SourceVersion "1"]
[SourceVersionDate "2009.11.03"]
[SourceQuality "1"]

1. e4 c5 2. Nf3 Nc6 3. d4 cxd4 4. Nxd4 Nf6 5. Nc3 g6 6. Nxc6 bxc6 7. e5 Ng8 8. Bc4 Qa5 9. 0-0 Qxe5 10. Re1 Qg7 11. Ne4 e6 12. Bf4 Be7 13. Nd6+ Bxd6 14. Qxd6 Ne7 15. Rad1 Nf5 16. Qa3 f6 17. Qc5 Qe7 18. Rxe6 dxe6 19. Qxc6+ Kf7 20. Qxa8 Kg7 21. Bb8 a6 22. Qa7 Bb7 23. Bxe6 Qxe6 24. Qxb7+ Kh6 25. Bf4+ g5 26. Qd5 Qe2 27. Qd2 Qg4 28. Bg3 Re8 29. b3 Kg6 30. f3 Qh5 31. Re1 Rxe1+ 32. Qxe1 Kh6 33. Qe6 Qg6 34. Qxa6 Ne3 35. Qd3 Nf5 36. Qe4 Kg7 37. Bf2 h5 38. g4 hxg4 39. fxg4 Nh6 40. Qxg6+ Kxg6 41. h3 1-0

[Event "Hoogeveen Unive op"]
[Site "Hoogeveen"]
[Date "2009.10.16"]
[Round "1"]
[White "Sadallah, Osama"]
[Black "Slingerland, Fred"]
[Result "0-1"]
[WhiteElo "2156"]
[BlackElo "2395"]
[PlyCount "128"]
[EventDate "2009.10.16"]
[EventType "swiss"]
[EventRounds "9"]
[EventCountry "NED"]
[SourceTitle "CBM 132 Extra"]
[Source "ChessBase"]
[SourceDate "2009.11.03"]
[SourceVersion "1"]
[SourceVersionDate "2009.11.03"]
[SourceQuality "1"]

1. d4 d5 2. c4 dxc4 3. Nf3 a6 4. e3 Nf6 5. Bxc4 e6 6. 0-0 c5 7. Qe2 b5 8. Bd3 Nc6 9. dxc5 Bxc5 10. Nc3 Bb7 11. Ne4 Be7 12. Rd1 Qb6 13. b3 Nb4 14. Nxf6+ Bxf6 15. Bb2 Bxb2 16. Qxb2 0-0 17. Be2 Rac8 18. Rd2 h6 19. Rad1 Nd5 20. Rc1 Rxc1+ 21. Qxc1 Qa5 22. Qb2 Rc8 23. a3 Qc3 24. h3 Qxb2 25. Rxb2 Rc1+ 26. Kh2 Nc3 27. Nd4 Bd5 28. a4 bxa4 29. bxa4 Nxe2 30. Nxe2 Rc4 31. Ra2 Rb4 32. Ra3 Rb2 33. Nf4 Rxf2 34. Nxd5 exd5 35. Rd3 Ra2 36. Rd4 Ra3 37. e4 dxe4 38. Rxe4 g6 39. Rc4 Kg7 40. Rd4 a5 41. Rc4 Kf6 42. Rc6+ Ke7 43. Rc7+ Ke6 44. Rc6+ Kd7 45. Rc4 Kd6 46. Rf4 f5 47. Rd4+ Ke5 48. Rc4 Kd5 49. Rf4 Rb3 50. Rf1 Rb4 51. Ra1 h5 52. Rd1+ Ke5 53. Re1+ Kf6 54. Ra1 h4 55. Ra2 g5 56. Ra1 g4 57. hxg4 fxg4 58. Ra2 Ke5 59. Ra1 Kd5 60. Kg1 Rc4 61. Kh2 Kc5 62. g3 h3 63. Ra2 Kb4 64. Ra1 Kb3 0-1

[Event "Paleochora op 1st"]
[Site "Paleochora"]
[Date "2008.07.23"]
[Round "4"]
[White "Sandalakis, Angelos"]
[Black "Sadallah, Osama"]
[Result "1-0"]
[WhiteElo "2341"]
[BlackElo "2162"]
[PlyCount "33"]
[EventDate "2008.07.21"]
[EventType "swiss"]
[EventRounds "9"]
[EventCountry "GRE"]
[SourceTitle "CBM 125 Extra"]
[Source "ChessBase"]
[SourceDate "2008.09.01"]
[SourceVersion "1"]
[SourceVersionDate "2008.09.01"]
[SourceQuality "1"]

1. e4 c5 2. Nf3 g6 3. Bc4 Nc6 4. 0-0 Bg7 5. c3 Nf6 6. e5 Ng8 7. d4 cxd4 8. cxd4 d5 9. exd6 exd6 10. Qb3 Qc7 11. Re1+ Kf8 12. Bf4 Na5 13. Bb5 Be5 14. Qe3 Bxf4 15. Qxf4 Kg7 16. Nc3 Nf6 17. Qxf6+ 1-0

[Event "Maastricht Limburg op"]
[Site "Maastricht"]
[Date "2008.05.11"]
[Round "4"]
[White "Sadallah, Osama"]
[Black "Smith, Thijmen"]
[Result "1/2-1/2"]
[WhiteElo "2149"]
[BlackElo "1934"]
[PlyCount "103"]
[EventDate "2008.05.09"]
[EventType "swiss"]
[EventRounds "7"]
[EventCountry "NED"]
[SourceTitle "EXT 2009"]
[Source "ChessBase"]
[SourceDate "2008.11.26"]
[SourceVersion "1"]
[SourceVersionDate "2008.11.26"]
[SourceQuality "1"]

1. d4 d5 2. c4 e6 3. Nc3 c5 4. cxd5 exd5 5. Nf3 Nc6 6. g3 Nf6 7. Bg2 Be7 8. 0-0 0-0 9. Be3 c4 10. h3 Bf5 11. Ne5 h5 12. Bg5 Nd7 13. Bxe7 Nxe7 14. e4 dxe4 15. Nxc4 Nf6 16. Ne3 Bg6 17. d5 Nc8 18. Nc4 Nd6 19. Nxd6 Qxd6 20. Qd4 Rfe8 21. Rfe1 Re5 22. Rad1 Rd8 23. f4 Re7 24. Qxa7 b6 25. Qa3 Qxa3 26. bxa3 Red7 27. Rd4 Kf8 28. Red1 Bf5 29. d6 Ne8 30. Bxe4 Bxe4 31. Nxe4 f6 32. f5 Ra8 33. a4 Kf7 34. Kf2 Ra5 35. g4 hxg4 36. hxg4 g6 37. fxg6+ Kxg6 38. Rb1 Ra6 39. Rc1 Kf7 40. Rc6 Ke6 41. Ke3 Ke5 42. Nd2 Ke6 43. Nc4 Rxa4 44. Rc8 Nxd6 45. Rc6 b5 46. Nxd6 Rxd4 47. Kxd4 Rxd6+ 48. Kc5 Rxc6+ 49. Kxc6 b4 50. Kc5 f5 51. gxf5+ Kxf5 52. Kxb4 1/2-1/2

[Event "Maastricht Limburg op"]
[Site "Maastricht"]
[Date "2008.05.10"]
[Round "2"]
[White "Sadallah, Osama"]
[Black "Van Oosterom, Chiel"]
[Result "1/2-1/2"]
[WhiteElo "2149"]
[BlackElo "2399"]
[PlyCount "111"]
[EventDate "2008.05.09"]
[EventType "swiss"]
[EventRounds "7"]
[EventCountry "NED"]
[SourceTitle "EXT 2009"]
[Source "ChessBase"]
[SourceDate "2008.11.26"]
[SourceVersion "1"]
[SourceVersionDate "2008.11.26"]
[SourceQuality "1"]

1. d4 d5 2. c4 c6 3. cxd5 cxd5 4. Nc3 Nc6 5. Nf3 Nf6 6. Bf4 Bf5 7. e3 e6 8. Bb5 Nd7 9. 0-0 Be7 10. Qa4 0-0 11. a3 Nb6 12. Qd1 Rc8 13. Bd3 Bxd3 14. Qxd3 Na5 15. Nd2 Nbc4 16. Nxc4 Rxc4 17. b4 Nc6 18. Na4 Nb8 19. Nb2 Rc6 20. Qb5 Rb6 21. Qa4 Ra6 22. Qb5 Qd7 23. Qxd7 Nxd7 24. Rfc1 Nb6 25. Nd3 Nc4 26. a4 Rc6 27. b5 Rcc8 28. Nc5 e5 29. Bg3 Bxc5 30. dxc5 f6 31. e4 Rxc5 32. exd5 Rd8 33. f4 exf4 34. Bf2 Rcxd5 35. Bxa7 Ne5 36. h3 Rd2 37. Rf1 g5 38. a5 R8d5 39. a6 Rxb5 40. Be3 Rd8 41. a7 Ra8 42. Bf2 Kf7 43. Rfb1 Rxb1+ 44. Rxb1 Nd7 45. Rxb7 Ke6 46. Kf1 Kd6 47. Ke2 h5 48. Rb1 Kc7 49. Kd3 Re8 50. Kc4 Ne5+ 51. Kd5 Nc6 52. Bb6+ Kd7 53. Bd4 Kc7 54. Bb6+ Kd7 55. Bd4 Kc7 56. Bb6+ 1/2-1/2

[Event "Hoogeveen Essent op"]
[Site "Hoogeveen"]
[Date "2007.10.20"]
[Round "9"]
[White "Otte, Marijn Willem"]
[Black "Sadallah, Osama"]
[Result "1-0"]
[WhiteElo "2155"]
[BlackElo "2108"]
[PlyCount "47"]
[EventDate "2007.10.12"]
[EventType "swiss"]
[EventRounds "9"]
[EventCountry "NED"]
[SourceTitle "CBM 120 Extra"]
[Source "ChessBase"]
[SourceDate "2007.11.01"]
[SourceVersion "1"]
[SourceVersionDate "2007.11.01"]
[SourceQuality "1"]

1. e4 d6 2. d4 Nf6 3. Nc3 g6 4. Be3 c6 5. Qd2 b5 6. Bd3 a6 7. Nf3 Bg4 8. a4 Bxf3 9. gxf3 b4 10. Ne2 Qa5 11. Nc1 Nbd7 12. Nb3 Qh5 13. Be2 c5 14. dxc5 Nxc5 15. Nxc5 dxc5 16. 0-0-0 Bg7 17. f4 Qh3 18. e5 Nh5 19. Bxh5 gxh5 20. Rhg1 Bh6 21. f5 Bxe3 22. fxe3 Qxf5 23. Qg2 Qc8 24. Qg8+ 1-0

[Event "Hoogeveen Essent op"]
[Site "Hoogeveen"]
[Date "2007.10.19"]
[Round "8"]
[White "Sadallah, Osama"]
[Black "Van Kooten, Luuk"]
[Result "0-1"]
[WhiteElo "2108"]
[BlackElo "2283"]
[PlyCount "104"]
[EventDate "2007.10.12"]
[EventType "swiss"]
[EventRounds "9"]
[EventCountry "NED"]
[SourceTitle "CBM 120 Extra"]
[Source "ChessBase"]
[SourceDate "2007.11.01"]
[SourceVersion "1"]
[SourceVersionDate "2007.11.01"]
[SourceQuality "1"]

1. d4 Nf6 2. Bg5 Ne4 3. Bf4 c5 4. f3 Qa5+ 5. c3 Nf6 6. d5 Qb6 7. b3 e6 8. e4 exd5 9. exd5 Bd6 10. Bg5 Be7 11. Bc4 0-0 12. Ne2 d6 13. Ng3 Qd8 14. Bf4 Nbd7 15. 0-0 Nb6 16. Qd3 Nxc4 17. Qxc4 b5 18. Qd3 c4 19. bxc4 bxc4 20. Qd4 Qb6 21. Ne4 Nxd5 22. Bxd6 Bxd6 23. Qxb6 Bxh2+ 24. Kxh2 axb6 25. Nd6 Ne3 26. Rc1 Rd8 27. Nb5 Bf5 28. a3 Ra5 29. Nd4 Rc5 30. Nd2 Bd3 31. Kg3 Nf5+ 32. Nxf5 Bxf5 33. Nf1 h5 34. Ne3 Bd3 35. Nc2 Bxc2 36. Rxc2 Rb5 37. Rh1 Ra8 38. Rh4 Rc5 39. Ra2 b5 40. Rd4 g6 41. Rd7 Kg7 42. Kf2 Re5 43. Rb7 Rd5 44. Rb6 Ra5 45. Rb7 h4 46. f4 Ra6 47. Re7 Rf6 48. a4 Rxf4+ 49. Ke3 Rf1 50. Ke2 Rdf5 51. Ra3 R5f2+ 52. Ke3 Rxg2 0-1

[Event "Hoogeveen Essent op"]
[Site "Hoogeveen"]
[Date "2007.10.18"]
[Round "7"]
[White "Van Kampen, Robin"]
[Black "Sadallah, Osama"]
[Result "0-1"]
[WhiteElo "2475"]
[BlackElo "2108"]
[PlyCount "60"]
[EventDate "2007.10.12"]
[EventType "swiss"]
[EventRounds "9"]
[EventCountry "NED"]
[SourceTitle "CBM 120 Extra"]
[Source "ChessBase"]
[SourceDate "2007.11.01"]
[SourceVersion "1"]
[SourceVersionDate "2007.11.01"]
[SourceQuality "1"]

1. e4 d6 2. d4 Nf6 3. Nc3 g6 4. Be3 c6 5. Qd2 Nbd7 6. Nf3 Qa5 7. Bd3 e5 8. 0-0 Ng4 9. Bg5 h6 10. Bh4 g5 11. Bg3 Bg7 12. dxe5 Ndxe5 13. Be2 Be6 14. Nd4 0-0-0 15. f3 Nf6 16. Rfb1 Nh5 17. b4 Qc7 18. Bf2 Nf4 19. Nxe6 fxe6 20. b5 Qa5 21. Rb3 c5 22. Rab1 d5 23. exd5 exd5 24. Bd3 Nexd3 25. cxd3 Bxc3 26. Qc2 d4 27. b6 a6 28. Be1 Bxe1 29. Rb5 axb5 30. Qxc5+ Kb8 0-1

[Event "Hoogeveen Essent op"]
[Site "Hoogeveen"]
[Date "2007.10.14"]
[Round "3"]
[White "Kodentsov, Grigori"]
[Black "Sadallah, Osama"]
[Result "1-0"]
[WhiteElo "2307"]
[BlackElo "2108"]
[PlyCount "33"]
[EventDate "2007.10.12"]
[EventType "swiss"]
[EventRounds "9"]
[EventCountry "NED"]
[SourceTitle "CBM 120 Extra"]
[Source "ChessBase"]
[SourceDate "2007.11.01"]
[SourceVersion "1"]
[SourceVersionDate "2007.11.01"]
[SourceQuality "1"]

1. e4 d6 2. d4 Nf6 3. Nc3 g6 4. f4 Bg7 5. Nf3 0-0 6. Bd3 Nbd7 7. e5 Ne8 8. Ne4 d5 9. Neg5 Nb8 10. h4 h6 11. h5 Bg4 12. hxg6 hxg5 13. gxf7+ Rxf7 14. Nxg5 Qc8 15. Bg6 Bxd1 16. Bxf7+ Kf8 17. Be6 1-0

[Event "Groningen Harmonie Mini op-B"]
[Site "Groningen"]
[Date "2002.12.28"]
[Round "3.3"]
[White "Romijn, Bob"]
[Black "Sadallah, Osama"]
[Result "1-0"]
[WhiteElo "1873"]
[BlackElo "1857"]
[PlyCount "125"]
[EventDate "2002.12.26"]
[EventType "swiss"]
[EventRounds "5"]
[EventCountry "NED"]
[SourceTitle "EXT 2004"]
[Source "ChessBase"]
[SourceDate "2003.11.25"]
[SourceVersion "1"]
[SourceVersionDate "2003.11.25"]
[SourceQuality "1"]

1. e4 c5 2. d4 cxd4 3. c3 d5 4. exd5 Qxd5 5. Nf3 Nc6 6. Be2 e5 7. 0-0 Bf5 8. cxd4 exd4 9. Nc3 Qd7 10. Nb5 0-0-0 11. Bd3 Bxd3 12. Qxd3 a6 13. Na3 Nb4 14. Qc4+ Qc7 15. Bf4 Qxc4 16. Nxc4 Nd5 17. Bg3 g5 18. Nxg5 b5 19. Ne5 f6 20. Ngf7 Re8 21. Nf3 Bg7 22. Nd6+ Kd7 23. Nxe8 Kxe8 24. Nxd4 Nge7 25. Ne6 Bh6 26. Rfd1 Kf7 27. Nc7 Nxc7 28. Bxc7 Rc8 29. Rd7 Ke8 30. Rad1 Bc1 31. b3 Ba3 32. Rd8+ Rxd8 33. Rxd8+ Kf7 34. Ra8 Nd5 35. Rxa6 b4 36. Rxa3 bxa3 37. Bd6 Nc3 38. Bxa3 Nxa2 39. Kf1 Nc3 40. Bb2 Nd5 41. Bd4 Ke6 42. g3 Kf5 43. f3 h5 44. Ke2 Ke6 45. Kd3 f5 46. f4 h4 47. Kc4 h3 48. b4 Nc7 49. Kd3 Kd5 50. Ke3 Kc4 51. Be5 Nd5+ 52. Kf3 Nxb4 53. g4 fxg4+ 54. Kxg4 Nd3 55. Kxh3 Kd5 56. Kg4 Nf2+ 57. Kg5 Ke6 58. h4 Ne4+ 59. Kg6 Ng3 60. h5 Nf5 61. h6 Ne7+ 62. Kg5 Kf7 63. h7 1-0

[Event "Hoogeveen Essent Amateur"]
[Site "Hoogeveen"]
[Date "2001.10.18"]
[Round "7"]
[White "Alberts, C."]
[Black "Sadallah, Osama"]
[Result "1-0"]
[WhiteElo "1976"]
[BlackElo "1878"]
[PlyCount "69"]
[EventDate "2001.10.12"]
[EventType "swiss"]
[EventRounds "9"]
[EventCountry "NED"]
[SourceTitle "EXT 2003"]
[Source "ChessBase"]
[SourceDate "2002.11.25"]
[SourceVersion "1"]
[SourceVersionDate "2002.11.25"]
[SourceQuality "1"]

1. e4 c5 2. Nc3 d6 3. g3 Nc6 4. Bg2 g6 5. Nge2 Bg7 6. 0-0 Bg4 7. h3 Bxe2 8. Nxe2 Qb6 9. d3 h5 10. Rb1 h4 11. g4 0-0-0 12. Be3 Qa5 13. a3 e5 14. b4 Qxa3 15. Rb3 Qa6 16. b5 Qb6 17. bxc6 Qxc6 18. f4 Nh6 19. Nc3 exf4 20. e5 d5 21. Bxf4 Qe6 22. Qf3 Bxe5 23. Bxe5 Qxe5 24. Nxd5 Rde8 25. Nb6+ axb6 26. Qxb7+ Kd8 27. Ra3 Qd4+ 28. Kh1 Qd7 29. Ra8+ Ke7 30. Re1+ Kf6 31. Rexe8 Qxe8 32. Rxe8 Rxe8 33. Qxb6+ Kg7 34. Qxc5 f5 35. Qd4+ 1-0